MDQL
is popping MORE tags! Check the
thread
!
Quizzes
Events
Quiz Creation
Community
Videos
Private Events
Remove Ads
Sign In
Join for FREE
Feedback
Dark Mode
Quiz Categories
Sports
Geography
Music
Movies
Television
Just For Fun
Miscellaneous
History
Literature
Language
Science
Gaming
Entertainment
Religion
Holiday
For Kids
Quiz Lab
Recent
Popular Today
Quiz Kudos Today
Editor Picks
Curator Picks
Quizzes by...
Day
Popularity
Type
Ratings
Length
Year
Community
Subscriptions
Recent Discussions
Orange Saloon
Badges
Playlists
Quests
Create
Leaderboards
Showdown
Live 5
Trivia Bingo
Activity
Puzzle Library
Sporcle Events
Private Events
Virtual Trivia
Globe League
Become a Host
Pub Owners
SporcleCon
Opinionation
Our Games
Videos
Blog
Mobile Apps
Partnerships
Remove Ads and Go Orange
Feedback
Music
Pop Music
The Beatles
Song
Album
Lyrics
Bands
Singers
Artist
Clip
Rock
Rap
Classical
Billboard
Country Music
Kpop
Taylor Swift
Music
Pop Music
The Beatles
Song
Album
Lyrics
Bands
Singers
Artist
Clip
Rock
Rap
Classical
Billboard
Country Music
Kpop
Taylor Swift
Random Quiz
Search Sporcle
×
Quiz Lab
Quiz Lab
Music
Lyrics
Type in answers that appear in a list
Type in answers that appear in a list
Classic
Best Score? Go Orange.
Guess the Andrew Lloyd Webber Lyrics! 2 Stats
Can you name the Guess the Andrew Lloyd Weber Lyrics! 2?
By
amb734
7m
213 Questions
658 Plays
658 Plays
658 Plays
Comments
Comments
Give Quiz Kudos
Give Quiz Kudos
-
- Ratings
hide this ad
Replay
Link that replays current quiz
Next Quiz
Link to next quiz in quiz playlist
You Got
0%
They Got
Avg Score
65%
Avg Friend Score
Upgrade to see
Score Distribution
Jump to the score distribution portion of the page
Score
0/213
Timer
07:00
0
Plays Today
Lyric
% Correct
a
97.3%
the
97.3%
and
97.3%
the
97.3%
the
97.3%
the
97.3%
And
97.3%
and
97.3%
the
97.3%
the
97.3%
The
97.3%
the
97.3%
and
97.3%
I
96.2%
I
96.2%
I
96.2%
I
96.2%
I
96.2%
I
96.2%
I
96.2%
I
96.2%
I
96.2%
I
96.2%
I
96.2%
I
96.2%
I
96.2%
I
96.2%
You
89.8%
you
89.8%
you
89.8%
you
89.8%
you
89.8%
you
89.8%
you
89.8%
you
89.8%
you
89.8%
me
86.2%
me
86.2%
me
86.2%
me
86.2%
me
86.2%
love
80.9%
love
80.9%
love
80.9%
is
80.2%
is
80.2%
is
80.2%
is
80.2%
to
79.5%
to
79.5%
to
79.5%
to
79.5%
to
79.5%
to
79.5%
to
79.5%
to
79.5%
to
79.5%
to
79.5%
to
79.5%
be
78%
be
78%
It
77.4%
it
77.4%
it
77.4%
it
77.4%
it
77.4%
do
76.9%
in
73.4%
my
72.9%
my
72.9%
my
72.9%
Lyric
% Correct
my
72.9%
your
72.6%
your
72.6%
of
72%
of
72%
of
72%
for
71.1%
for
71.1%
for
71.1%
all
69.8%
All
69.8%
all
69.8%
all
69.8%
All
69.8%
all
69.8%
all
69.8%
all
69.8%
that
68.4%
that
68.4%
that
68.4%
see
67.8%
can
67%
Don't
66.6%
don't
66.6%
will
65.8%
So
65.3%
when
65%
think
64.9%
think
64.9%
at
63.1%
at
63.1%
at
63.1%
at
63.1%
how
62.6%
as
62.5%
as
62.5%
never
61.4%
never
61.4%
never
61.4%
know
61.2%
with
59%
cry
59%
not
58.7%
Have
58.4%
have
58.4%
won't
58.2%
won't
58.2%
Argentina
57.8%
knew
57.6%
had
57.1%
had
57.1%
you'll
57%
too
56.8%
I've
56.5%
once
56.4%
up
56.1%
left
55.8%
but
55.6%
But
55.6%
truth
55.5%
try
55.3%
was
55.3%
look
55.3%
are
55%
girl
54.7%
days
54.7%
they
54.7%
They
54.7%
they
54.7%
easy
54.6%
every
54.6%
Lyric
% Correct
feel
54.4%
mad
54.4%
strange
53.8%
need
53.5%
done
53.2%
through
53.2%
keep
53%
were
53%
wild
52.9%
promise
52.4%
promise
52.4%
let
52.3%
life
51.7%
distance
51.7%
them
51.5%
say
51.5%
kept
51.2%
after
50.8%
believe
50.6%
dressed
50.6%
sixes
50.6%
sevens
50.6%
nines
49.7%
explain
49.2%
change
49.2%
existence
49.2%
she's
48.5%
happen
48.5%
out
48.2%
out
48.2%
nothing
48.2%
nothing
48.2%
still
47.9%
time
47.4%
down
47.3%
couldn't
47%
although
46.5%
true.
46.5%
fame
46%
said
45.7%
fortune
45.6%
word
44.8%
stay
44.7%
here
44.5%
hope
44.4%
though
44.2%
more
44.2%
sun
43.5%
freedom
43.3%
invited
43.2%
much
43.2%
world
42.9%
chose
42.7%
everything
42.7%
expected
42.1%
new
41.9%
There's
41.9%
window
41.8%
staying
41.3%
around
41.2%
heel
41%
looking
41%
running
40.4%
trying
40.4%
They're
40%
seemed
39.7%
illusions
39.5%
desired
38.8%
impressed
38.1%
answer
36.5%
solutions
35.9%
Quiz Playlist
Details
Report
Send in Message
Add To Playlist
Classic:
Type in answers that appear in a list
Last Updated: Feb 16, 2017
Quiz Scoreboard
CHALLENGE
Sign Up to Join the Scoreboard
Show All
Scores
Hide
Comments
May contain spoilers
Recently Published
Image Sorting: Flags VI
by Barbecue
Geography
2m
Find the 'City' Movie
by crazypaving
Movies
60s
Colored Red Africa Blitz
by spor1
Geography
45s
More to Explore
Quiz From the Vault
Featured Blog Post
14 Easter Pick-up Lines to Find Eggs With
hide this ad
You Might Also Like...
Tags
Broadway Quiz
Lyrics Quiz
Broadway Lyrics
Broadway Musicals
Broadway Shows
Evita
madonna
Today's Top Quizzes in Music
Browse Music
hide this ad
Today's Top Quizzes in Lyrics
Browse Lyrics
Top Contributed Quizzes in Music
1
5X2 Blitz: Bands II
2
5X2 Blitz: The Beatles
3
Taylor Swift All Songs (2024)
4
5X2 Blitz: Billboard
5
5X2 Blitz: Billboard II
6
5X2 Blitz: Album
7
5X2 Blitz: Rock
8
5X2 Blitz: Singers
9
Music Artist by Three 2010s hits
10
5X2 Blitz: Lyrics
Explore More
Trending Topics
Marvel
NBA
Crossword
Kpop
Harry Potter
Disney
Anime
Soccer
NFL
WWE
Pokémon
Song
Puzzle
The Office
Country
hide this ad
More By:
amb734
Quiz
Plays
Rating
Category
Featured
Created
TV Show by Theme Lyric
142,331
4.43
Television
Jun 19, 2011
TV Show by Theme Lyric II
52,599
4.16
Television
Sep 12, 2015
'The Witch's Rap' from Sondheim's 'Into the Woods'
3,832
4.62
Music
May 17, 2011
Guess the Sondheim Lyrics!
919
5.00
Entertainment
Feb 5, 2011
Guess the Sondheim Lyrics! III
799
5.00
Music
May 17, 2011
Go to Creator's Profile
Score Distribution
Quiz Creator Spotlight
amb734
Follow
Send a Message
Quizzes Created
-
Created Quiz Play Count
-
More By This Creator
Popular Quizzes Today
1
Colored Red Africa Blitz
2
Find the US States - No Outlines Minefield
3
Find the 'City' Movie
4
5x2 Blitz: Bands
5
The Countries of the World
6
Find the US States
7
Find the Countries of Europe - No Outlines Minefield
8
US States
More Music Quizzes
Have an 'Eye' for Music?
Published
Trending Quizzes
Colored Red Europe Blitz I
Colored Red Africa Blitz II
Colored Red Europe Blitz II
Colored Red Africa Blitz III
Colored Red Europe Blitz III
Recently Updated
How Do You Spell That?
pecheneg
Godzilla Movies
pecheneg
Grab Bag: 4-10 Letters
pecheneg
2024 March Madness Bracket
pecheneg
Famous TV Couples
Peacemaker
Champions League XIs: Real Madrid
pecheneg
Largest US Cities 1790-2010
pecheneg
Rides in Walt Disney World
pecheneg
Most Oscar Losses (Acting)
pecheneg
Beyoncé Albums
pecheneg
Trending Topics
NBA
Harry Potter
Crossword
Kpop
Anime
Marvel
Disney
Puzzle
WWE
Country
NFL
Soccer
The Office
Pokémon
Song
Your Account Isn't Verified!
In order to create a playlist on Sporcle, you need to verify the email address you used during registration. Go to your
Sporcle Settings
to finish the process.
Report this User
Report this user for behavior that violates our
Community Guidelines
.
Details:
Send Report
Go to the Sporcle.com Mobile Site →
Comments